Pengurusan bekalan air di Selangor, 1874-1920 /
Saved in:
| Main Author: | |
|---|---|
| Format: | Thesis Book |
| Language: | Malay |
| Published: |
2018.
|
| Subjects: | |
| Online Access: | http://studentsrepo.um.edu.my/14552/ |
| Tags: |
Add Tag
No Tags, Be the first to tag this record!
|
| LEADER | 01558cam a2200373 i 4500 | ||
|---|---|---|---|
| 001 | u1127535 | ||
| 003 | SIRSI | ||
| 005 | 201911290931 | ||
| 008 | 191129s2018 my ab m 000 0 may | ||
| 040 | |a UMM |d AUM |e rda | ||
| 043 | |a a-my-se | ||
| 090 | |a D7 |b UM 2018 Mohbab | ||
| 100 | 0 | |a Mohamad Badrul Adzham Baharudin, |e author. | |
| 245 | 1 | 0 | |a Pengurusan bekalan air di Selangor, 1874-1920 / |c Mohamad Badrul Adzham bin Baharudin. |
| 264 | 1 | |c 2018. | |
| 300 | |a xiv, 223 leaves : |b illustrations, maps ; |c 30 cm | ||
| 336 | |a text |2 rdacontent | ||
| 337 | |a unmediated |2 rdamedia | ||
| 337 | |a computer |2 rdamedia | ||
| 338 | |a volume |2 rdacarrier | ||
| 338 | |a computer disc |2 rdacarrier | ||
| 502 | |b M.A.Msian.Hist. |c Jabatan Sejarah, Fakulti Sastera dan Sains Sosial, Universiti Malaya |d 2018. | ||
| 504 | |a Bibliography: leaves 206-215. | ||
| 530 | |a Also issued in CD. | ||
| 650 | 0 | |a Water |z Malaysia |z Selangor |x Management. | |
| 650 | 0 | |a Water-supply |z Malaysia |z Selangor. | |
| 650 | 0 | |a Water quality management |z Malaysia |z Selangor. | |
| 650 | 0 | |a Water conservation |z Malaysia |z Selangor. | |
| 710 | 2 | |a Universiti Malaya. |b Jabatan Sejarah, |e degree granting institution. | |
| 856 | 4 | 1 | |u http://studentsrepo.um.edu.my/14552/ |
| 900 | |a NNANS NSM | ||
| 596 | |a 1 25 | ||
| 999 | |a D7 UM 2018 MOHBAB |w LC |c 1 |i A517199765 |f 5/12/2019 |g 1 |l STACKS |m P01UTAMA |r Y |s Y |t TESIS |u 29/11/2019 |1 AHSS |o .STAFF. Surat agreement tidak disertakan (FSSS). | ||
| 999 | |a D7 UM 2018 MOHBAB |w LC |c 1 |i A517199916 |f 1/6/2023 |g 1 |l STACKS |m P25UMARCHI |r N |s Y |t CD |u 1/6/2023 |1 AHSS |o .STAFF. MST-CD2514 | ||
